Catálogo
 En Linea

1er. Festival internacional de cine de Santo Domingo. / (Registro nro. 45863)

Detalles MARC
000 -CABECERA
campo de control de longitud fija 01114nam a2200241 a 4500
001 - NÚMERO DE CONTROL
campo de control 000046374
005 - FECHA Y HORA DE LA ÚLTIMA TRANSACCIÓN
campo de control 20201002052826.0
008 - DATOS DE LONGITUD FIJA--INFORMACIÓN GENERAL
campo de control de longitud fija 150806s1999 dr a 000 0 spa d
040 ## - FUENTE DE LA CATALOGACIÓN
Centro catalogador/agencia de origen DO-SdBNP
Lengua de catalogación spa
Centro/agencia transcriptor BNPHU
082 ## - NÚMERO DE LA CLASIFICACIÓN DECIMAL DEWEY
Número de clasificación xxxx
Número de documento/Ítem F418i
111 2# - ENTRADA PRINCIPAL--NOMBRE DE CONGRESO/REUNIÓN
Nombre de congreso/reunión o jurisdicción como elemento de entrada Festival internacional de Cine
Número del congreso/reunión o número de parte o sección (1er.:
Fecha del congreso/reunión 1999 jul. 8-18 :
Sede del congreso/Lugar de la reunión Santo Domingo)
9 (RLIN) 74404
245 10 - MENCIÓN DE TÍTULO
Título 1er. Festival internacional de cine de Santo Domingo. /
Mención de responsabilidad, etc. textos Arturo Rodríguez Fernández, Lidia Bastos ; traducción Sócrates Mc Kinney...[et.al].
246 10 - FORMA VARIANTE DE TÍTULO
Título propio/Titulo breve Primer Festival internacional de cine de Santo Domingo.
260 ## - PUBLICACIÓN, DISTRIBUCIÓN, ETC.
Lugar de publicación, distribución, etc. Santo Domingo; :
Nombre del editor, distribuidor, etc. Festival Internacional de Cine de Santo Domingo,
Fecha de publicación, distribución, etc. 1999.
300 ## - DESCRIPCIÓN FÍSICA
Extensión 77 p. :
Otras características físicas il. ;
Dimensiones 22 cm.
590 ## - NOTA LOCAL (RLIN)
Nota local Perteneció a la biblioteca personal de Chiqui Vicioso/Fidelio Despradel
500 ## - NOTA GENERAL
Nota general A presentarse en el Palacio del Cine y Cine Lumiére.
700 12 - PUNTO DE ACCESO ADICIONAL--NOMBRE DE PERSONA
Nombre de persona Rodríguez Fernández, Arturo
Término indicativo de función/relación textos
9 (RLIN) 37878
700 12 - PUNTO DE ACCESO ADICIONAL--NOMBRE DE PERSONA
Nombre de persona Bastos, Lidia
Término indicativo de función/relación textos
9 (RLIN) 74280
700 12 - PUNTO DE ACCESO ADICIONAL--NOMBRE DE PERSONA
Nombre de persona Mc Kinney, Sócrates
Término indicativo de función/relación il.
9 (RLIN) 74405
700 12 - PUNTO DE ACCESO ADICIONAL--NOMBRE DE PERSONA
Nombre de persona Rodríguez Fernández, Arturo
Término indicativo de función/relación il.
9 (RLIN) 37878
700 12 - PUNTO DE ACCESO ADICIONAL--NOMBRE DE PERSONA
Nombre de persona Elías, Carlos Francisco
Término indicativo de función/relación il.
9 (RLIN) 57656
Existencias
Estado de retiro Estado de pérdida No para préstamo Código de colección Localización permanente Ubicación/localización actual Ubicación en estantería Fecha de adquisición Número de inventario Total de préstamos Signatura topográfica completa Código de barras Fecha visto por última vez Precio válido a partir de Tipo de ítem Koha Nota pública
    Excluido de préstamo Patrimonio Dominicano Patrimonio Dominicano Patrimonio Dominicano Depósito 06.08.2015 LF1   xxxx F418i 46374-10 25.06.2020 25.06.2020 Libro y Folleto Colección Patrimonio Dominicano Perteneció a la biblioteca personal de Chiqui Vicioso / Fidelio Despradel.

Con tecnología Koha